[Event "Warren Motor City op"]
[Site "Warren"]
[Date "2001.11.24"]
[Round "3"]
[White "Steen, Harold"]
[Black "Montgomery, Deaundray"]
[Result "1-0"]
[WhiteElo "1605"]
[BlackElo "1176"]
[PlyCount "100"]
[EventDate "2001.11.24"]
[EventType "swiss"]
[EventRounds "7"]
[EventCountry "USA"]
[SourceTitle "EXT 2007"]
[Source "ChessBase"]
[SourceDate "2006.11.23"]
[SourceVersion "1"]
[SourceVersionDate "2006.11.23"]
[SourceQuality "1"]

1. d4 Nf6 2. e3 d5 3. Nf3 e6 4. Bd3 c5 5. b3 cxd4 6. exd4 Nc6 7. Nbd2 Bd6 8. Bb2 0-0 9. Ne5 Nb4 10. Be2 Ne4 11. a3 Nc6 12. 0-0 Ne7 13. Bd3 Nxd2 14. Qxd2 f6 15. Nf3 Qc7 16. c4 Bd7 17. Rac1 Bf4 18. Qe2 Bxc1 19. Rxc1 Qf4 20. Re1 Rae8 21. Bc1 Qg4 22. Qc2 Ng6 23. h3 Qh5 24. Kh2 f5 25. Be2 dxc4 26. Ne5 Qh4 27. Nxd7 cxb3 28. Qd2 Rf7 29. Nc5 f4 30. Bc4 Rfe7 31. Bxb3 Qf6 32. Bb2 Nh4 33. f3 Qg5 34. Qf2 Kh8 35. Re5 Qh6 36. Ne4 Nf5 37. Bc3 g5 38. d5 Ng7 39. Rxg5 exd5 40. Rxg7 Rxg7 41. Bxg7+ Qxg7 42. Nc5 d4 43. Ne4 d3 44. Qd2 Qd4 45. Qxf4 d2 46. Bd1 b5 47. Qh6 a5 48. Nf6 Qd6+ 49. g3 Qe6 50. Nxe8 Qxe8 1-0